Statistics for Top 10 Countries in the Americas with Highest Population

Click here to take the quiz!

General Stats

  • This quiz has been taken 141 times
  • The average score is 10 of 10

Answer Stats

PopulationCountry% Correct
3121,006,000Mexico
100%
1321,234,000United States
100%
2204,519,000Brazil
99%
918,006,000Chile
99%
448,218,000Colombia
99%
543,132,000Argentina
98%
635,819,000Canada
96%
731,153,000Peru
96%
830,620,000Venezuela
96%
1016,279,000Ecuador
88%

Score Distribution

Percentile by Number Answered

Percent of People with Each Score

Your Score History

You have not taken this quiz